000 00415nam a2200181Ia 4500
001 10672
005 20260306161849.0
008 260306t1975||||xx |||||||||||||| ||spa||
041 _aESP
082 _a946.057
_bV84
100 _aVoltes, Pedro
_eAUT
245 0 _aCarlos III y su tiempo
260 _c1975
300 _a267 páginas :
_c18 cm.
650 _aGEN
654 _aCHU
942 _cLIB
_dJUS
_fJUS
_2ddc
_n
999 _c10672
_d10672